| 000 | 00711nam a2200193 i 4500 | ||
|---|---|---|---|
| 001 | 23142 | ||
| 003 | ES-MaACL | ||
| 005 | 20230906152825.0 | ||
| 007 | t| | ||
| 008 | 021209s1972 sp ||||1| spa d | ||
| 100 | 1 |
_aAlvargonzález Cruz, Rafael. _921012 |
|
| 245 | 1 | 0 |
_aValoración y control del trabajo administrativo... / _cRafael Alvargonzález Cruz y Angel Flores Díez. |
| 260 |
_aMadrid : _bParaninfo, _c1972. |
||
| 300 |
_a192 p. ; _c22 cm. |
||
| 500 | _aPrecede al tít.: Instituto Nacional de Racionalización y Normalización. | ||
| 700 | 1 |
_aFlores Díez, Angel. _951279 |
|
| 710 | 2 |
_aInstituto Nacional de Racionalización y Normalización (España) _95186 |
|
| 852 |
_aES-MaACL _jC-44253 _bR.80085 |
||
| 999 |
_c23142 _d23142 |
||